100 Most Influential Americans Quiz Stats

 Plays Quiz Updated Mar 3, 2017

Support Sporcle.
Go Orange.
Score 0/100 Timer 15:00
1 Play Today
Life Dates Influential Figure % Correct
1732-1799George Washington
95.4%
1809-1865Abraham Lincoln
92.2%
1856-1915Booker T. Washington
86.8%
1858-1919Theodore Roosevelt
85.9%
1882-1945Franklin Delano Roosevelt
85.3%
1884-1962Eleanor Roosevelt
84.8%
1929-1968Martin Luther King Jr.
84.7%
1743-1826Thomas Jefferson
84.5%
1706-1790Benjamin Franklin
76.9%
1735-1826John Adams
75.7%
1767-1848John Quincy Adams
73.5%
1863-1947Henry Ford
70%
1911-2004Ronald Reagan
67.7%
1847-1931Thomas Edison
67.1%
1767-1845Andrew Jackson
67.1%
1890-1969Dwight Eisenhower
65.2%
1822-1885Ulysses S. Grant
63.6%
1913-1994Richard Nixon
60.2%
1879-1955Albert Einstein
60.1%
1908-1973Lyndon Baines Johnson
59.4%
1751-1836James Madison
57.9%
1895-1948Babe Ruth
55%
18th/19th Cen. DuoMeriwether Lewis and William Clark
54.1%
1856-1924Woodrow Wilson
53.8%
1884-1972Harry Truman
53.6%
1839-1937John D. Rockefeller
50.1%
1955-PresentBill Gates
49.1%
1807-1870Robert E. Lee
47.8%
1805-1844Joseph Smith
46.5%
1755-1804Alexander Hamilton
44.5%
1835-1919Andrew Carnegie
42.8%
1919-1972Jackie Robinson
42.6%
1867-1959Frank Lloyd Wright
42.1%
19th/20th Cen. DuoOrville and Wilbur Wright
42%
Life Dates Influential Figure % Correct
1847-1922Alexander Graham Bell
39.6%
1820-1906Susan B. Anthony
37.5%
1765-1825Eli Whitney
34.9%
1835-1910Mark Twain
33.2%
1737-1809Thomas Paine
31.3%
1935-1977Elvis Presley
30.6%
1901-1971Louis Armstrong
30%
1795-1849James K. Polk
29.9%
1908-1993Thurgood Marshall
27.9%
1755-1835John Marshall
27.9%
1880-1959George Marshall
27.7%
1817-1862Henry David Thoreau
26.5%
1800-1859John Brown
25.3%
1899-1961Ernest Hemingway
25.2%
1777-1852Henry Clay
23.5%
1818-1895Frederick Douglass
23.4%
1904-1967Robert Oppenheimer
23.3%
1801-1877Brigham Young
23.1%
1863-1951William Randolph Hearst
22.6%
1837-1913J.P. Morgan
22.4%
1901-1966Walt Disney
22%
1819-1892Walt Whitman
21.7%
1914-1995Jonas Salk
21.2%
1803-1882Ralph Waldo Emerson
21%
1928-PresentJames D. Watson
20.8%
1811-1896Harriet Beecher Stowe
20.6%
1842-1910William James
20.2%
1902-1968John Steinbeck
17.9%
1860-1925William Jennings Bryan
16.8%
1815-1902Elizabeth Stanton
16.7%
1800-1831Nat Turner
16.1%
1868-1963W.E.B. DuBois
15.9%
1907-1964Rachel Carson
15.3%
1782-1850John C. Calhoun
14.7%
Life Dates Influential Figure % Correct
1891-1974Earl Warren
14.5%
1897-1962William Faulkner
14.5%
1819-1891Herman Melville
14.1%
1758-1843Noah Webster
13.8%
1791-1872Samuel F.B. Morse
13.6%
1860-1935Jane Addams
13.5%
1703-1758Jonathan Edwards
12%
1934-PresentRalph Nader
11.6%
1789-1851James Fenimore Cooper
11.5%
1901-1954Enrico Fermi
11.5%
1879-1966Margaret Sanger
11.4%
1918-1992Sam Walton
11.4%
1841-1935Oliver Wendell Holmes Jr.
11.1%
1859-1952John Dewey
10.5%
1805-1879William Lloyd Garrison
9.5%
1921-2006Betty Friedan
9.1%
1809-1884Cyrus McCormick
8.9%
1810-1891P.T. Barnum
8.7%
1901-1978Margaret Mead
8.5%
1821-1910Mary Baker Eddy
8.4%
1879-1974Sam Goldwyn
8.2%
1796-1859Horace Mann
8.2%
1775-1863Lyman Beecher
8.2%
1850-1924Samuel Gompers
7.7%
1854-1932George Eastman
7.7%
1856-1924Louis Sullivan
7.6%
1903-1998Benjamin Spock
7.5%
1826-1864Stephen Foster
7.5%
1795-1872James Gordon Bennett
6.6%
1901-1984George Gallup
6.5%
1822-1903Frederick Law Olmsted
6.2%
1889-1974Walter Lippmann
5.6%

From the Vault

Which Letter Where?

by coolmuffin121

These letters have a few questions to answer.
Remove Ads.
Support Sporcle.
Get the best of Sporcle when you Go Orange. This ad-free experience offers more features, more stats, and more fun while also helping to support Sporcle. Thank you for becoming a member.

Show Comments

Extras

Top Quizzes Today


Score Distribution

Your Account Isn't Verified!

In order to create a playlist on Sporcle, you need to verify the email address you used during registration. Go to your Sporcle Settings to finish the process.

Report this User

Report this user for behavior that violates our Community Guidelines.

Details: